000 00532nam a22001577a 4500
008 220302b |||||||| |||| 00| 0 eng d
020 _a9780615745688
050 _aM 125 .F47 2012
100 _aFerrante, Damon
245 _aUltimate guitar :
_bchords, scales & arpeggios handbook/
_cDamon, Ferrante
260 _aUS:
_bSteeplechase Arts & Productions.
_c2012.
300 _a455p. :
_bill. ;
_c22cm
500 _aincludes bibliographic references.
650 _aMusic Guitar
942 _2lcc
_cBOOKS
_hM 125 .F47 2012
999 _c31330
_d31330